| 000 | 00808nam a2200205 a 4500 | ||
|---|---|---|---|
| 001 | 000003283 | ||
| 005 | 20200929150414.0 | ||
| 008 | 090707s2009 dr acd 001 0 spa d | ||
| 040 |
_aDO-SdBNP _bspa _cBNPHU |
||
| 082 |
_a353.5 _bR426m |
||
| 110 | 1 |
_aRepública Dominicana. _bConsejo Nacional de Seguridad Social _91150 |
|
| 245 | 1 | 0 | _aMemorias 2008-2007. |
| 260 |
_aSanto Domingo : _fCNSS, _c2009. _fBúho, |
||
| 300 |
_a148 p. : _bil., gráfcs., retrs. ; _c28 cm. |
||
| 590 | _aInventariado, 2018/MFF | ||
| 650 | 4 |
_aSeguridad social _zRepública Dominicana _xMemorias e informes _910336 |
|
| 650 | 4 |
_aInstituciones públicas _zRepública Dominicana _xMemorias e informes _91285 |
|
| 651 | 4 |
_aRepública Dominicana _xAdministración Pública _xMemorias E Informes _91286 |
|
| 910 | _aValidado. Control de calidad EMS. | ||
| 999 |
_c3114 _d3114 |
||